[Event "GCT 2021 Croazia"]
[Site "Zagabria"]
[Date "2021.07.10"]
[Round "6B"]
[White "Vachier-Lagrave, Maxime"]
[Black "Grischuk, Alexander"]
[Result "1-0"]
[WhiteTitle ""]
[BlackTitle ""]
[WhiteElo "2749"]
[BlackElo "2778"]
[WhiteFideId "623539"]
[BlackFideId "4126025"]
[EventDate "2021.07.10"]

1. e4 e5 2. Nf3 Nc6 3. Bb5 Nf6 4. O-O Nxe4 5. d4 Nd6 6. Bxc6 dxc6 7. dxe5 Nf5 8.
Qxd8+ Kxd8 9. h3 Bd7 10. Rd1 Be7 11. g4 Nh4 12. Nxh4 Bxh4 13. Nd2 Kc8 14. Nf3
Be7 15. Bg5 Bc5 16. Rd3 Be6 17. Be3 Bxe3 18. Rxe3 Kd7 19. Nd4 h5 20. Rd1 Ke7 21.
Nf5+ Kf8 22. Red3 Re8 23. Rd8 g6 24. Ne3 hxg4 25. hxg4 Kg7 26. Rxe8 Rxe8 27. f4
Bc8 28. Kf2 f6 29. exf6+ Kxf6 30. Kf3 b6 31. c4 Rh8 32. Kg3 Re8 33. Rd3 a5 34.
a4 Be6 35. b3 Bc8 36. g5+ Kg7 37. Kf3 Rh8 38. Ke4 Re8+ 39. Kd4 Rd8+ 40. Kc3 Re8
41. c5 b5 42. axb5 cxb5 43. b4 axb4+ 44. Kxb4 c6 45. Ka5 Bf5 46. Nxf5+ gxf5 47.
Rd7+ Kg6 48. Rd6+ Kh5 49. Rxc6 Kg4 50. Kxb5 Kxf4 51. g6 Kg5 52. g7 f4 53. Rc7
Kg6 54. Re7 Rg8 55. Kc4 Kf6 56. Re4 Kf5 57. Re7 Kf6 58. Ra7 Re8 59. c6 Rc8 60.
Kc5 Kg6 1-0

[Event "GCT 2021 Croazia"]
[Site "Zagabria"]
[Date "2021.07.10"]
[Round "6B"]
[White "Nepomniachtchi, Ian"]
[Black "Van Foreest, Jorden"]
[Result "1-0"]
[WhiteTitle ""]
[BlackTitle ""]
[WhiteElo "2792"]
[BlackElo "2688"]
[WhiteFideId "4168119"]
[BlackFideId "1039784"]
[EventDate "2021.07.10"]

1. c4 c6 2. Nf3 d5 3. g3 Nf6 4. Bg2 b5 5. b3 bxc4 6. bxc4 Ba6 7. Na3 e6 8. O-O
Bd6 9. Qa4 O-O 10. d3 Nfd7 11. Bb2 Nb6 12. Qc2 Qe7 13. Qc3 f6 14. Nc2 Na4 15.
Qb3 Nc5 16. Qc3 Na4 17. Qb3 Nc5 18. Qa3 dxc4 19. dxc4 Bxc4 20. Qe3 e5 21. Rfc1
Be6 22. Ba3 Nbd7 23. Nb4 Rac8 24. Nd2 Nb8 25. Nc4 Bxc4 26. Rxc4 Ne6 27. Rac1 Nd4
28. Bb2 Bxb4 29. Bxd4 exd4 30. Qb3 Kh8 31. Rxb4 c5 32. Rb7 Qxe2 33. Bf3 Qe5 34.
Rxa7 Nc6 35. Bxc6 Rxc6 36. Qb7 Qg5 37. f4 Qg4 38. Qxc6 Qe2 39. Qxc5 Qe3+ 40. Kg2
Rb8 41. Qc8+ 1-0

[Event "GCT 2021 Croazia"]
[Site "Zagabria"]
[Date "2021.07.10"]
[Round "7B"]
[White "Grischuk, Alexander"]
[Black "Nepomniachtchi, Ian"]
[Result "1/2-1/2"]
[WhiteTitle ""]
[BlackTitle ""]
[WhiteElo "2778"]
[BlackElo "2792"]
[WhiteFideId "4126025"]
[BlackFideId "4168119"]
[EventDate "2021.07.10"]

1. e4 c5 2. Nf3 e6 3. d4 cxd4 4. Nxd4 Nc6 5. Nc3 a6 6. Be2 Qc7 7. Nxc6 bxc6 8.
Qd3 d5 9. Qg3 Qxg3 10. hxg3 Nf6 11. f3 a5 12. g4 Ba6 13. g5 Nd7 14. Bxa6 Rxa6
15. Ke2 a4 16. Bd2 h5 17. gxh6 gxh6 18. b3 Bg7 19. Rac1 axb3 20. axb3 Rg8 21. g4
Bxc3 22. Bxc3 dxe4 23. Rxh6 exf3+ 24. Kxf3 Ra2 25. Rh5 Ke7 26. Bb4+ Kf6 27. Bc3+
Ke7 28. Bb4+ Kf6 29. Rd1 c5 30. Bc3+ Ke7 31. Rd2 Ra6 32. Kf4 Rd6 33. Rxd6 Kxd6
34. g5 Nf8 35. Rh1 Ng6+ 36. Ke4 Ne7 37. Bd2 Nf5 38. Bf4+ Ke7 39. Ra1 Rd8 40. Be5
Rd2 41. Ra7+ Ke8 42. Ra8+ Kd7 43. Ra7+ Ke8 44. Ra8+ Kd7 45. Ra7+ 1/2-1/2

[Event "GCT 2021 Croazia"]
[Site "Zagabria"]
[Date "2021.07.10"]
[Round "7B"]
[White "Duda, Jan-Krzysztof"]
[Black "Vachier-Lagrave, Maxime"]
[Result "1/2-1/2"]
[WhiteTitle ""]
[BlackTitle ""]
[WhiteElo "2738"]
[BlackElo "2749"]
[WhiteFideId "1170546"]
[BlackFideId "623539"]
[EventDate "2021.07.10"]

1. d4 Nf6 2. c4 g6 3. Nc3 d5 4. cxd5 Nxd5 5. Bd2 Nb6 6. e3 Bg7 7. h4 N8d7 8. h5
e5 9. h6 Bf6 10. d5 O-O 11. e4 c6 12. dxc6 bxc6 13. Be3 Bg5 14. Qd2 Bxe3 15.
Qxe3 Qe7 16. Nf3 Nc5 17. Be2 Bg4 18. O-O Bxf3 19. Bxf3 Ne6 20. Rac1 Rad8 21. Ne2
c5 22. Nc3 Nd4 23. Nd5 Nxd5 24. exd5 Rfe8 25. Rfe1 Qd6 26. Qa3 g5 27. Rxc5 Qxh6
28. Qxa7 f5 29. d6 e4 30. d7 Rf8 31. Rd5 Nxf3+ 32. gxf3 exf3 33. Qe3 Qh5 34.
Qe6+ Kg7 35. Qe5+ Rf6 36. Qh2 Qg4+ 37. Qg3 Qxg3+ 38. fxg3 Rf7 39. Red1 g4 40. a4
Kg6 41. a5 h5 42. a6 f4 43. gxf4 Rxf4 44. R5d4 Rf7 45. Kf2 Re7 46. Kg3 Re2 47.
a7 Rg2+ 48. Kf4 Rf8+ 49. Ke5 Re2+ 50. Re4 Rxe4+ 51. Kxe4 f2 52. b4 g3 53. d8=Q
Rxd8 54. Rxd8 f1=Q 55. a8=Q Qe2+ 56. Kf4 Qg4+ 57. Ke3 Qg5+ 58. Kf3 Qg4+ 59. Kg2
Qe2+ 60. Kxg3 Qe3+ 61. Kh2 Qe5+ 62. Kg1 Qe1+ 63. Kg2 Qe2+ 64. Kg3 Qe3+ 65. Kh2
Qe5+ 66. Kh1 Qe1+ 67. Kh2 Qe5+ 1/2-1/2

[Event "GCT 2021 Croazia"]
[Site "Zagabria"]
[Date "2021.07.10"]
[Round "7B"]
[White "Kasparov, Garry"]
[Black "Giri, Anish"]
[Result "0-1"]
[WhiteTitle ""]
[BlackTitle ""]
[WhiteElo "2812"]
[BlackElo "2776"]
[WhiteFideId "4100018"]
[BlackFideId "24116068"]
[EventDate "2021.07.10"]

1. c4 Nf6 2. Nc3 e5 3. e3 Nc6 4. a3 d5 5. cxd5 Nxd5 6. Qc2 Nxc3 7. bxc3 Qd6 8.
Bd3 Be6 9. Rb1 O-O-O 10. Be2 g5 11. Nf3 Be7 12. d4 Kb8 13. O-O g4 14. Nd2 f5 15.
Nc4 Qd7 16. Rd1 Bd5 17. Bd3 Rhf8 18. a4 Qe6 19. Nd2 exd4 20. exd4 f4 21. Ne4 g3
22. hxg3 fxg3 23. fxg3 h5 24. Bf4 h4 25. Re1 Qd7 26. Qb2 b6 27. Nc5 Bxc5 28.
dxc5 Rxf4 29. cxb6 axb6 30. gxf4 h3 31. a5 Rg8 32. Bf1 hxg2 0-1

[Event "GCT 2021 Croazia"]
[Site "Zagabria"]
[Date "2021.07.10"]
[Round "7B"]
[White "Korobov, Anton"]
[Black "Mamedyarov, Shakhriyar"]
[Result "1-0"]
[WhiteTitle ""]
[BlackTitle ""]
[WhiteElo "2683"]
[BlackElo "2782"]
[WhiteFideId "14105730"]
[BlackFideId "13401319"]
[EventDate "2021.07.10"]

1. d4 d5 2. c4 dxc4 3. e3 e5 4. Bxc4 Nc6 5. d5 Na5 6. Qa4+ c6 7. dxc6 Nxc6 8.
Nf3 Bd7 9. O-O Be7 10. Qb3 Na5 11. Bxf7+ Kf8 12. Qd1 Kxf7 13. Nxe5+ Ke8 14. Qd5
Nh6 15. Nxd7 Rc8 16. Nc3 Qc7 17. Ne5 Rd8 18. Qb5+ Kf8 19. f4 g6 20. Nd5 Qc5 21.
Qxc5 Bxc5 22. b4 Rxd5 23. bxc5 Nf7 24. Bb2 Rg8 25. Rfd1 Rxd1+ 26. Rxd1 Nxe5 27.
Rd8+ Kf7 28. Rxg8 Kxg8 29. Bxe5 Kf7 30. Kf2 Ke6 31. g4 Kd5 32. Bd4 Ke4 33. h4
Nc6 34. Kg3 a5 35. h5 gxh5 36. gxh5 Ne7 37. a4 Nf5+ 38. Kg4 h6 39. Kh3 Kf3 40.
Kh2 Ne7 41. Kg1 Nf5 42. Kf1 Ng3+ 43. Ke1 Ke4 44. c6 bxc6 45. Bc3 Nxh5 46. Bxa5
Kxe3 47. Bc3 Nxf4 1-0

[Event "GCT 2021 Croazia"]
[Site "Zagabria"]
[Date "2021.07.10"]
[Round "8B"]
[White "Anand, Viswanathan"]
[Black "Mamedyarov, Shakhriyar"]
[Result "1/2-1/2"]
[WhiteTitle ""]
[BlackTitle ""]
[WhiteElo "2753"]
[BlackElo "2782"]
[WhiteFideId "5000017"]
[BlackFideId "13401319"]
[EventDate "2021.07.10"]

1. e4 e5 2. Nf3 Nc6 3. Bc4 Bc5 4. O-O Nf6 5. d3 O-O 6. c3 d5 7. exd5 Nxd5 8. Re1
Bg4 9. h3 Bh5 10. Nbd2 Nb6 11. Bb3 a5 12. Ne4 a4 13. Bc2 Ra5 14. b4 axb3 15.
Bxb3 Be7 16. Ng3 Bg6 17. d4 Bf6 18. Be3 exd4 19. Nxd4 Nd5 20. Nxc6 bxc6 21. Bxd5
cxd5 22. Bd4 h6 23. Bxf6 Qxf6 24. Qd4 Qxd4 25. cxd4 Rfa8 26. Re2 Bd3 27. Rd2 Bc4
28. Nf5 Rxa2 29. Rdxa2 Rxa2 30. Rxa2 Bxa2 31. f4 Kf8 32. Kf2 Bb1 33. Ne3 Be4 34.
g3 Ke7 35. Ke2 Kd6 36. Kd2 c5 37. Kc3 h5 38. h4 Kc6 39. Nd1 Kb5 40. Ne3 c4 41.
Nd1 Ka4 42. Kb2 Kb4 43. Nc3 f6 44. Na2+ Kb5 45. Nc3+ Kc6 46. Nd1 Bf3 47. Nc3 Bg2
48. Nd1 Be4 49. Nc3 Kd6 50. Kc1 Kd7 51. Kd2 Kc6 52. Kc1 Bg2 53. Kb2 Kd6 54. Nd1
Bf3 55. Ne3 Kc6 56. Nf5 Bg4 57. Nxg7 Kd6 58. f5 Ke7 59. Ne6 Kd6 60. Nf4 Bf3 61.
Kc3 Kc6 62. Kb4 Bg4 63. Kc3 Kd6 64. Kb4 Kc6 1/2-1/2

[Event "GCT 2021 Croazia"]
[Site "Zagabria"]
[Date "2021.07.10"]
[Round "8B"]
[White "Giri, Anish"]
[Black "Korobov, Anton"]
[Result "0-1"]
[WhiteTitle ""]
[BlackTitle ""]
[WhiteElo "2776"]
[BlackElo "2683"]
[WhiteFideId "24116068"]
[BlackFideId "14105730"]
[EventDate "2021.07.10"]

1. e4 c5 2. Nf3 Nc6 3. Bb5 e6 4. O-O Nge7 5. Re1 a6 6. Bf1 Ng6 7. c3 Be7 8. d4
cxd4 9. cxd4 d5 10. e5 O-O 11. Nc3 f6 12. exf6 Bxf6 13. Be3 Bd7 14. Bd3 Rc8 15.
Bxg6 hxg6 16. Qd2 Be7 17. Bf4 Na5 18. Ne5 Nc4 19. Nxc4 Rxc4 20. Be5 Bf6 21. Rad1
Qb6 22. h3 a5 23. a3 a4 24. Re2 Bxe5 25. Rxe5 Rf5 26. Re3 Be8 27. g4 Rf8 28. Re5
Bd7 29. Kg2 Rf7 30. Re2 Rf8 31. Qe3 Qd6 32. Qg3 Qxg3+ 33. Kxg3 b5 34. Na2 g5 35.
Nb4 Rf4 36. Red2 Kh7 37. f3 Kh6 38. h4 Rf8 39. hxg5+ Kxg5 40. Re1 Rh8 41. Re5+
Kf6 42. Re1 g5 43. Nc2 Be8 44. Rde2 Bf7 45. Rd2 Bg6 46. Nb4 Rhc8 47. Na6 Rc2 48.
Ree2 Rxd2 49. Rxd2 e5 50. Nb4 Bf7 51. dxe5+ Kxe5 52. Nd3+ Kd4 53. Kf2 Rh8 54.
Nb4+ Kc4 55. Kg3 d4 56. Nc6 d3 57. Ne5+ Kd4 58. Nxf7 Rg8 59. Nd6 Ke3 60. Ne4 Rc8
61. Rd1 Rc2 62. Nxg5 Rxb2 63. Ne6 b4 64. axb4 a3 65. Nf4 d2 66. Ra1 a2 67. Nd5+
Kd3 68. b5 Rb1 69. Nf4+ Kc4 70. Rxa2 d1=Q 71. Ng2 Qd6+ 72. f4 Rb3+ 73. Kf2 Qd4+
74. Ne3+ Qxe3+ 0-1

[Event "GCT 2021 Croazia"]
[Site "Zagabria"]
[Date "2021.07.10"]
[Round "8B"]
[White "Vachier-Lagrave, Maxime"]
[Black "Kasparov, Garry"]
[Result "1-0"]
[WhiteTitle ""]
[BlackTitle ""]
[WhiteElo "2749"]
[BlackElo "2812"]
[WhiteFideId "623539"]
[BlackFideId "4100018"]
[EventDate "2021.07.10"]

1. e4 c5 2. Nf3 e6 3. c3 d5 4. e5 d4 5. Bd3 Bd7 6. O-O Bc6 7. Re1 g5 8. h3 h5 9.
Na3 g4 10. Nh2 Nh6 11. Be4 d3 12. b4 Bxe4 13. Rxe4 Qd5 14. Qa4+ Nc6 15. bxc5
Bxc5 16. Nb5 O-O-O 17. Qc4 g3 18. Nf1 gxf2+ 19. Kh2 Nf5 20. Ba3 Bxa3 21. Nxa3
Kb8 22. Qxd5 Rxd5 23. Nc4 b5 24. Nce3 Nxe3 25. Nxe3 Rxe5 26. Rf4 f5 27. Kg3 Kc7
28. a4 a6 29. axb5 axb5 30. Kxf2 Re4 31. Rxe4 fxe4 32. Kg3 Rf8 33. Re1 Ne7 34.
Rb1 Kc6 35. Rb4 Nf5+ 36. Kf4 Nd6+ 37. Ke5 Rf2 38. Rd4 Nf7+ 39. Kxe6 Ng5+ 40. Ke5
Rxd2 41. h4 Re2 42. Rd6+ Kb7 43. hxg5 Rxe3 44. g6 Re2 45. g4 Rg2 46. gxh5 d2 47.
Kxe4 1-0

[Event "GCT 2021 Croazia"]
[Site "Zagabria"]
[Date "2021.07.10"]
[Round "8B"]
[White "Nepomniachtchi, Ian"]
[Black "Duda, Jan-Krzysztof"]
[Result "1-0"]
[WhiteTitle ""]
[BlackTitle ""]
[WhiteElo "2792"]
[BlackElo "2738"]
[WhiteFideId "4168119"]
[BlackFideId "1170546"]
[EventDate "2021.07.10"]

1. c4 e6 2. g3 d5 3. Bg2 Nf6 4. Nf3 dxc4 5. Qa4+ Bd7 6. Qxc4 c5 7. Ne5 Qc8 8.
Qd3 Nc6 9. Nxd7 Nxd7 10. Nc3 Be7 11. O-O O-O 12. b3 Rd8 13. Bb2 Nf6 14. Qc2 Qd7
15. Rfd1 Rac8 16. Rac1 h6 17. d3 b6 18. e3 Nd5 19. Nxd5 exd5 20. Qe2 Qd6 21. Qh5
Bf6 22. Ba3 Qe5 23. Qxe5 Bxe5 24. f4 Bf6 25. Bh3 Rc7 26. b4 cxb4 27. Bxb4 a5 28.
Bd2 Rd6 29. Rc2 Ra7 30. a3 Ne7 31. Rb1 g6 32. Rb5 Kg7 33. Kf2 h5 34. Bg2 Rad7
35. h3 Kf8 36. g4 hxg4 37. hxg4 Ke8 38. a4 Bg7 39. Bc1 Re6 40. Ba3 Kd8 41. d4
Bf8 42. g5 Bg7 43. Bxe7+ Kxe7 44. Bxd5 Red6 45. Bc6 Rc7 46. d5 f6 47. e4 fxg5
48. e5 Rd8 49. d6+ 1-0

[Event "GCT 2021 Croazia"]
[Site "Zagabria"]
[Date "2021.07.10"]
[Round "8B"]
[White "Van Foreest, Jorden"]
[Black "Grischuk, Alexander"]
[Result "1/2-1/2"]
[WhiteTitle ""]
[BlackTitle ""]
[WhiteElo "2688"]
[BlackElo "2778"]
[WhiteFideId "1039784"]
[BlackFideId "4126025"]
[EventDate "2021.07.10"]

1. e4 e6 2. d4 d5 3. Nc3 Nf6 4. e5 Nfd7 5. f4 c5 6. Nf3 Nc6 7. Be3 a6 8. a3 cxd4
9. Nxd4 Bc5 10. Qd2 Nxd4 11. Bxd4 Bxd4 12. Qxd4 Qb6 13. Qxb6 Nxb6 14. Bd3 Bd7
15. h4 h5 16. a4 Bc6 17. a5 Nd7 18. Ne2 Ke7 19. Nd4 Rac8 20. Kd2 g6 21. b4 Rc7
22. Ra3 Nb8 23. Rc3 Rhc8 24. Ra1 Bd7 25. Rxc7 Rxc7 26. Ke3 Nc6 27. Nxc6+ Bxc6
28. Kd4 Bb5 29. Ra3 Bxd3 30. cxd3 Kd7 31. Rc3 Rxc3 32. Kxc3 Kc6 33. Kb3 Kb5 34.
d4 Kc6 35. Ka4 b5+ 36. axb6 Kxb6 37. g3 Kb7 38. Ka5 Ka7 39. b5 axb5 40. Kxb5 Kb7
41. Kc5 Kc7 42. Kb5 Kb7 43. Kc5 Kc7 44. Kb5 Kb7 1/2-1/2

[Event "GCT 2021 Croazia"]
[Site "Zagabria"]
[Date "2021.07.10"]
[Round "9B"]
[White "Grischuk, Alexander"]
[Black "Anand, Viswanathan"]
[Result "1/2-1/2"]
[WhiteTitle ""]
[BlackTitle ""]
[WhiteElo "2778"]
[BlackElo "2753"]
[WhiteFideId "4126025"]
[BlackFideId "5000017"]
[EventDate "2021.07.10"]

1. c4 c5 2. Nf3 Nc6 3. Nc3 Nf6 4. e3 e6 5. d4 d5 6. cxd5 exd5 7. Bb5 cxd4 8.
exd4 Bd6 9. O-O O-O 10. h3 h6 11. Re1 Bf5 12. Ne5 Rc8 13. Bf4 Ne7 14. Ba4 Ne4
15. Nxe4 Bxe4 16. Bb3 Nc6 17. Nxc6 Rxc6 18. Bxd6 Qxd6 19. f3 Bf5 20. Re5 Be6 21.
Qd2 f6 22. Re3 Rfc8 23. Rae1 Bf7 24. R3e2 R6c7 25. Re3 Rc6 26. R3e2 R6c7 27. Re3
Rc6 1/2-1/2

[Event "GCT 2021 Croazia"]
[Site "Zagabria"]
[Date "2021.07.10"]
[Round "9B"]
[White "Duda, Jan-Krzysztof"]
[Black "Van Foreest, Jorden"]
[Result "0-1"]
[WhiteTitle ""]
[BlackTitle ""]
[WhiteElo "2738"]
[BlackElo "2688"]
[WhiteFideId "1170546"]
[BlackFideId "1039784"]
[EventDate "2021.07.10"]

1. d4 e6 2. e4 d5 3. e5 c5 4. c3 Ne7 5. Na3 Nec6 6. Nc2 b6 7. h4 Ba6 8. h5 h6 9.
Rh3 Bxf1 10. Kxf1 Qc8 11. Ne2 Qa6 12. Kg1 Nd7 13. Nf4 Be7 14. Qg4 Bg5 15. Nd3
Bxc1 16. Qxg7 Ke7 17. Rf3 Rag8 18. Qxf7+ Kd8 19. Qxe6 Rf8 20. Qxc6 Rxf3 21. e6
Rh7 22. Nxc1 Nf6 23. e7+ Kxe7 24. Qc7+ Kf8 25. Qb8+ Kf7 26. Qc7+ Kf8 27. Qe5 Re7
28. Qb8+ Re8 29. Qd6+ Kf7 30. Nb3 Qe2 31. gxf3 Rg8+ 32. Qg3 Rxg3+ 0-1

[Event "GCT 2021 Croazia"]
[Site "Zagabria"]
[Date "2021.07.10"]
[Round "9B"]
[White "Korobov, Anton"]
[Black "Vachier-Lagrave, Maxime"]
[Result "1/2-1/2"]
[WhiteTitle ""]
[BlackTitle ""]
[WhiteElo "2683"]
[BlackElo "2749"]
[WhiteFideId "14105730"]
[BlackFideId "623539"]
[EventDate "2021.07.10"]

1. d4 Nf6 2. c4 g6 3. Nc3 d5 4. cxd5 Nxd5 5. e4 Nxc3 6. bxc3 Bg7 7. Bc4 c5 8.
Ne2 O-O 9. O-O Nc6 10. Be3 Bg4 11. f3 Bd7 12. Rb1 Rc8 13. Qd2 Na5 14. Bd3 b6 15.
Rfc1 Qc7 16. h4 e5 17. h5 Nb7 18. h6 Bh8 19. Bc4 Nd6 20. Bd5 Be6 21. dxc5 Nc4
22. Bxc4 Bxc4 23. cxb6 axb6 24. Bxb6 Qc6 25. Ng3 Ra8 26. Rc2 Bf6 27. Nf1 Rfb8
28. Rcb2 Bxa2 29. Rxa2 Rxa2 30. Qxa2 Rxb6 31. Ne3 Bg5 32. Nd5 Rxb1+ 33. Qxb1
Qc5+ 34. Kh1 Qf8 35. Qb6 Qxh6+ 36. Kg1 Kg7 37. c4 Bh4 38. Qe3 Qxe3+ 39. Nxe3 Be7
40. Kf1 Bc5 41. Nc2 Kf6 42. Na1 Ke6 43. Nb3 Kd6 44. Ke2 h5 45. Kd3 h4 46. Ke2 f5
47. exf5 gxf5 48. Kd3 Bb6 49. Nd2 Kc5 50. Nb1 Ba5 51. Na3 Bb6 52. Nb5 Ba5 53.
Na3 Bb6 54. Nb5 Ba5 55. Na3 Bb6 1/2-1/2

[Event "GCT 2021 Croazia"]
[Site "Zagabria"]
[Date "2021.07.10"]
[Round "9B"]
[White "Mamedyarov, Shakhriyar"]
[Black "Giri, Anish"]
[Result "1/2-1/2"]
[WhiteTitle ""]
[BlackTitle ""]
[WhiteElo "2782"]
[BlackElo "2776"]
[WhiteFideId "13401319"]
[BlackFideId "24116068"]
[EventDate "2021.07.10"]

1. d4 Nf6 2. c4 g6 3. Nc3 d5 4. cxd5 Nxd5 5. e4 Nxc3 6. bxc3 Bg7 7. Nf3 c5 8.
Be3 Qa5 9. Nd2 O-O 10. Be2 Bd7 11. O-O Ba4 12. Qb1 cxd4 13. cxd4 Nc6 14. Nb3
Bxb3 15. axb3 Qd8 16. d5 Nd4 17. Bd3 Qd7 18. Rd1 a5 19. Ra2 Nb5 20. Bxb5 Qxb5
21. Rc1 Rfc8 22. Rac2 Rxc2 23. Qxc2 h5 24. h3 Qd7 25. Bb6 a4 26. bxa4 Rxa4 27.
f3 Rb4 28. Be3 Bf6 29. Bf4 Kh7 30. Kh2 Rb2 31. Qc4 b5 32. Qc7 Qxc7 33. Rxc7 g5
34. e5 gxf4 35. exf6 exf6 36. Rxf7+ Kg6 37. Rb7 Rb1 38. h4 Rb2 39. Rb8 Rb1 40.
g4 fxg3+ 41. Kxg3 b4 42. Kf4 b3 43. Rg8+ Kf7 44. Rb8 Kg6 45. d6 Rd1 46. Rxb3
Rxd6 47. Kg3 Rd4 48. Ra3 Rc4 49. Rb3 Rd4 50. Ra3 Rc4 51. Rb3 Rd4 52. Ra3 1/2-1/2

[Event "GCT 2021 Croazia"]
[Site "Zagabria"]
[Date "11.07.2021"]
[Round "10B"]
[White "Anand, Viswanathan"]
[Black "Giri, Anish"]
[Result "1/2-1/2"]
[WhiteTitle ""]
[BlackTitle ""]
[WhiteElo "2753"]
[BlackElo "2776"]
[WhiteFideId "5000017"]
[BlackFideId "24116068"]
[EventDate "2021.07.10"]

1. e4 e5 2. Nf3 Nc6 3. Bc4 Nf6 4. d3 Bc5 5. c3 d6 6. O-O a6 7. a4 Ba7 8. Re1 O-O
9. h3 h6 10. Nbd2 Re8 11. b4 Be6 12. Bxe6 Rxe6 13. Qc2 Qd7 14. Rb1 Rd8 15. b5
Ne7 16. Nc4 Ng6 17. Be3 Bxe3 18. Nxe3 axb5 19. axb5 Ree8 20. c4 Ra8 21. Nd5 Nxd5
22. cxd5 Rec8 23. d4 Ra3 24. Rb3 Rxb3 25. Qxb3 exd4 26. Nxd4 Re8 27. f3 Qe7 28.
Qe3 Ra8 29. Rc1 Ra2 30. Nf5 Qe5 31. Qc3 Qxc3 32. Rxc3 Nf4 33. Rxc7 Rxg2+ 34. Kf1
Rb2 35. Rxb7 Nxh3 36. Nxd6 Ng5 37. f4 Nf3 38. Nxf7 Nd2+ 39. Ke1 Nxe4 40. d6 Nc5
41. Rc7 Nd3+ 42. Kd1 Nf2+ 43. Ke1 Nd3+ 44. Kd1 Nf2+ 45. Ke1 1/2-1/2

[Event "GCT 2021 Croazia"]
[Site "Zagabria"]
[Date "11.07.2021"]
[Round "10B"]
[White "Mamedyarov, Shakhriyar"]
[Black "Vachier-Lagrave, Maxime"]
[Result "1/2-1/2"]
[WhiteTitle ""]
[BlackTitle ""]
[WhiteElo "2782"]
[BlackElo "2749"]
[WhiteFideId "13401319"]
[BlackFideId "623539"]
[EventDate "2021.07.10"]

1. d4 Nf6 2. c4 g6 3. Nc3 d5 4. cxd5 Nxd5 5. e4 Nxc3 6. bxc3 Bg7 7. Nf3 c5 8.
Rb1 O-O 9. Be2 cxd4 10. cxd4 Qa5+ 11. Bd2 Qxa2 12. O-O Bg4 13. Rxb7 Bxf3 14.
Bxf3 Bxd4 15. Bg5 Rd8 16. Qc1 Na6 17. Bxe7 Rac8 18. Qf4 Nc5 19. Bxd8 Nxb7 20.
Bf6 Bxf6 21. Qxf6 Nc5 22. h4 Qe6 23. Qa1 Nb3 24. Qxa7 Nd2 25. Rd1 Nxf3+ 26. gxf3
Qh3 27. Qd7 Qxd7 28. Rxd7 h5 29. Kg2 Rc4 30. Kg3 Ra4 31. Rd1 Kg7 32. Re1 Kf6 33.
f4 Ra3+ 34. f3 Ra5 35. Rd1 Ke7 36. Rb1 Ke6 37. Rb7 Kf6 38. Rb6+ Ke7 39. Rb2 Ke6
40. Kf2 Kf6 41. Rb1 Ra2+ 42. Kg3 Ra5 43. Rb8 Ke7 44. Rh8 Kf6 45. f5 Kg7 46. Rd8
gxf5 47. Rd5 Ra6 48. Rxf5 Kg6 49. Rg5+ Kh6 50. Kf4 f6 51. Rg8 Ra3 52. Rg3 Ra5
53. Rg1 Ra3 54. Rg2 Ra5 55. Rd2 Kg6 56. Rd6 Rb5 57. Ra6 Rc5 58. Ra1 Rb5 59. Rg1+
Kf7 60. Rd1 Kg6 61. Ke3 Rb3+ 62. Rd3 Rb1 63. Kf2 Rb2+ 64. Kg3 Rb4 65. Rd6 Kf7
66. Kf4 Kg6 67. Kg3 Kf7 68. Rc6 Ra4 69. Rc7+ Kg6 70. Re7 Rb4 71. f4 Rb3+ 72. Kf2
Rh3 73. f5+ Kh6 74. Rf7 Rf3+ 75. Ke2 Re3+ 76. Kd2 Rd3+ 77. Kxd3 1/2-1/2

[Event "GCT 2021 Croazia"]
[Site "Zagabria"]
[Date "11.07.2021"]
[Round "10B"]
[White "Korobov, Anton"]
[Black "Nepomniachtchi, Ian"]
[Result "0-1"]
[WhiteTitle ""]
[BlackTitle ""]
[WhiteElo "2683"]
[BlackElo "2792"]
[WhiteFideId "14105730"]
[BlackFideId "4168119"]
[EventDate "2021.07.10"]

1. d4 Nf6 2. c4 e6 3. Nf3 d5 4. Nc3 Bb4 5. e3 O-O 6. Bd3 dxc4 7. Bxc4 c5 8. O-O
cxd4 9. exd4 b6 10. Bg5 Bb7 11. Re1 Nbd7 12. Rc1 Rc8 13. Bd3 h6 14. Bh4 Be7 15.
Bb1 Re8 16. Qd3 Nf8 17. Ne5 Nh5 18. Bg3 Nxg3 19. hxg3 Bb4 20. a3 Bxc3 21. bxc3
Qd5 22. Nf3 Qb3 23. c4 Qxd3 24. Bxd3 Bxf3 25. gxf3 Red8 26. Red1 Nd7 27. f4 Kf8
28. Kf1 Nf6 29. Bb1 Rc7 30. Rd2 Ne8 31. Ke2 Nd6 32. Bd3 Nb5 33. Ke3 Nxd4 34. Be4
Nc6 35. c5 Rxd2 36. cxb6 Rcd7 37. b7 Nb8 38. Rc8+ Rd8 39. Rxb8 Rxb8 40. Kxd2 Ke7
41. Kc3 Kd6 42. Kd4 Rd8 43. g4 Kc7+ 44. Ke5 Rd2 45. f3 Ra2 46. b8=Q+ Kxb8 47.
Kd6 Rxa3 48. Ke7 f5 0-1

[Event "GCT 2021 Croazia"]
[Site "Zagabria"]
[Date "11.07.2021"]
[Round "10B"]
[White "Duda, Jan-Krzysztof"]
[Black "Grischuk, Alexander"]
[Result "0-1"]
[WhiteTitle ""]
[BlackTitle ""]
[WhiteElo "2738"]
[BlackElo "2778"]
[WhiteFideId "1170546"]
[BlackFideId "4126025"]
[EventDate "2021.07.10"]

1. e4 e5 2. Nf3 Nc6 3. Bc4 Bc5 4. c3 Nf6 5. d3 d6 6. O-O O-O 7. Bg5 a6 8. a4 Ba7
9. Nbd2 Kh8 10. b4 Ne7 11. b5 Ng6 12. bxa6 bxa6 13. d4 h6 14. Be3 Ng4 15. a5 c6
16. Bd3 Bb8 17. Nc4 Nxe3 18. fxe3 Bc7 19. Qe2 Rb8 20. Ra2 Be6 21. Rfa1 Rb5 22.
Ra4 Rb3 23. Qc2 Rb8 24. Ncd2 Ra8 25. Nf1 Nh4 26. N1d2 Nxf3+ 27. Nxf3 Bg4 28. Qe2
Qc8 29. h3 Be6 30. Nd2 d5 31. Bc2 f5 32. exf5 Bxf5 33. e4 Bh7 34. Bd3 Qd7 35.
exd5 Bxd3 36. Qxd3 Qxd5 37. Rc4 exd4 38. cxd4 Qd6 39. Nf3 Rxf3 40. Qxf3 Rf8 0-1

[Event "GCT 2021 Croazia"]
[Site "Zagabria"]
[Date "11.07.2021"]
[Round "11B"]
[White "Duda, Jan-Krzysztof"]
[Black "Anand, Viswanathan"]
[Result "1/2-1/2"]
[WhiteTitle ""]
[BlackTitle ""]
[WhiteElo "2738"]
[BlackElo "2753"]
[WhiteFideId "1170546"]
[BlackFideId "5000017"]
[EventDate "2021.07.10"]

1. c4 c5 2. Nf3 Nf6 3. g3 d5 4. cxd5 Nxd5 5. Bg2 Nc6 6. Nc3 g6 7. d3 Bg7 8. Bd2
O-O 9. h4 Nf6 10. Na4 b6 11. Rc1 Bb7 12. O-O Rc8 13. Ne5 Nd5 14. Nxc6 Bxc6 15.
h5 gxh5 16. Bg5 Qd7 17. b3 Nb4 18. Bxc6 Rxc6 19. Rc4 Rg6 20. Bd2 Nd5 21. Rh4 f5
22. e4 Nf6 23. exf5 Qxf5 24. Qe2 Rg4 25. Rxg4 Nxg4 26. Bc3 Rf7 27. Bxg7 Rxg7 28.
d4 cxd4 29. Qc4+ Rf7 30. Qxd4 Ne5 31. f4 Qh3 32. Qd8+ Kg7 33. Rf2 Ng4 34. Rg2
Nf6 35. Nc3 Qf5 36. Qd4 e6 37. Re2 Rd7 38. Qf2 Ng4 39. Qf3 Rd3 40. Qb7+ Kg6 41.
Ne4 Qd5 42. Qe7 Rd1+ 43. Kg2 Rd4 44. Qe8+ Kg7 45. Qe7+ Kg6 46. Qe8+ Kg7 1/2-1/2

[Event "GCT 2021 Croazia"]
[Site "Zagabria"]
[Date "11.07.2021"]
[Round "11B"]
[White "Grischuk, Alexander"]
[Black "Kasparov, Garry"]
[Result "1-0"]
[WhiteTitle ""]
[BlackTitle ""]
[WhiteElo "2778"]
[BlackElo "2812"]
[WhiteFideId "4126025"]
[BlackFideId "4100018"]
[EventDate "2021.07.10"]

1. d4 Nf6 2. c4 g6 3. Nc3 d5 4. cxd5 Nxd5 5. e4 Nxc3 6. bxc3 Bg7 7. Nf3 c5 8. h3
O-O 9. Be2 cxd4 10. cxd4 Nc6 11. Be3 f5 12. Bc4+ Kh8 13. O-O fxe4 14. Ng5 Nxd4
15. Nf7+ Rxf7 16. Bxf7 Qd6 17. Re1 Bxh3 18. Bxd4 Bxd4 19. Rxe4 e5 20. gxh3 Rf8
21. Rxd4 exd4 22. Bc4 Qf4 23. Qe2 Qg5+ 24. Qg4 1-0